| 000 | 00410nam a22001697a 4500 | ||
|---|---|---|---|
| 005 | 20260425124742.0 | ||
| 008 | 260425b |||||||| |||| 00| 0 eng d | ||
| 020 | _a978-81-89235-47-5 | ||
| 041 | _aeng | ||
| 082 | _a615.538 | ||
| 100 |
_aAcharya Balkrishna _99018 |
||
| 245 | _aAyurveda Siddhant Rahasya | ||
| 260 |
_aHARIDWAR _bDIVYA PRAKASHAN |
||
| 300 | _a300;P | ||
| 650 |
_aAyurveda _99019 |
||
| 942 | _cBK | ||
| 999 |
_c9122 _d9120 |
||